000 01004nam1a22002651i 4500
001 rc\2377423
005 20240723200614.0
035 _a(NLR Aleph) 006500807
090 _a6229288
_c6229288
100 _a20110829d1978 |||y0rusy50 ca
101 0 _arus
102 _aRU
105 _a z |||||
200 1 _aМатериалы VII научно-технической конференции "Радиоизмерения"
_fПод ред. проф. д. т. н. Д. Эйдукас
210 _aКаунас
_aВильнюс
_cЛитНИИНТИиТЭА
_d1978
215 _d28
300 _aВ надзаг.: Литов. НИИ НТИ и техн.-экон. анализа
320 _aБиблиогр. в конце работ
333 _aДСП
702 1 _aЭйдукас
_bД.
_4340
710 1 2 _a"Радиоизмерения", науч.-практ. конф. (7; 1978; Вильнюс)
801 0 _aRU
_bNLR
_gpsbo
801 1 _aRU
_bELAR
_2rusmarc
852 _aNLR
_j78-50К/5550
942 _cBOOK